Music Quiz

Random Music or Musical Quiz

Music Duos Quiz Stats

 Plays Quiz Updated Sep 6, 2019

Score 0/24 Timer 07:00
0 Plays Today
Member Name % Correct
Jack WhiteThe White Stripes
76.3%
George MichaelWHAM!
67%
Annie LennoxEurythmics
65%
Antwan 'Big Boi' PattonOutKast
63.5%
Jake BluesThe Blues Brothers
62.1%
Bill MedleyThe Righteous Brothers
22.7%
Neil TennantPet Shop Boys
18.9%
Amy RayThe Indigo Girls
17.5%
Walter BeckerSteely Dan
16.5%
Violent JInsane Clown Posse
15.4%
Roland OrzabalTears for Fears
14.1%
Marc AlmondSoft Cell
12.9%
Member Name % Correct
Christopher ReidKid 'N Play
12.5%
Andy BellErasure
12.3%
Darren HayesSavage Garden
12.1%
Chris SmithKris Kross
11.7%
Per GessleRoxette
8.6%
Cheryl JamesSalt N Pepa
8.3%
Charles ReidThe Proclaimers
6.8%
Tracey ThornEverything But The Girl
6.8%
Tom RowlandsChemical Brothers
6.7%
DC The Brain SupremeTag Team
6%
Graham RussellAir Supply
5.8%
Prince BePM Dawn
2.7%

You're not logged in!

Compare scores with friends on all Sporcle quizzes.
OR
Log In

Sporcle TV

Today on Sporcle TV


Watch our educational content, quiz creation guides, and fun videos on Sporcle TV.

Show Comments

Extras

Top Quizzes Today


Score Distribution

Your Account Isn't Verified!

In order to create a playlist on Sporcle, you need to verify the email address you used during registration. Go to your Sporcle Settings to finish the process.

Report this User

Report this user for behavior that violates our Community Guidelines.

Details: